| 000 | 00887nam a2200277 a 4500 | ||
|---|---|---|---|
| 001 | 52926 | ||
| 003 | BD-RjUL | ||
| 005 | 20211209075900.0 | ||
| 008 | 160929s1981 caua 001 0 eng | ||
| 020 | _a0803915640 | ||
| 020 | _a0803915659 (pbk.) | ||
| 035 | _a(BD-RjUL)53046 | ||
| 040 |
_aDLC _cDLC _dDLC _dBD-RjUL _beng |
||
| 041 | _aeng | ||
| 082 | 0 | 0 |
_223 _a336 _bURB 1983 |
| 245 | 0 | 0 |
_aUrban government finance : _bemerging trends / _cedited by Roy Bahl. |
| 260 |
_aBeverly Hills, California : _bSage Publications, _cc1981 [Printing 1983]. |
||
| 300 |
_a287 p. : _bill. ; _c22 cm. |
||
| 650 | 0 |
_aFinance, Public. _9158225 |
|
| 650 | 0 |
_aLocal finance. _9158226 |
|
| 650 | 0 |
_aMunicipal finance. _9158227 |
|
| 700 | 1 |
_aBahl, Roy, ed. _9158228 |
|
| 830 |
_aUrban affairs annual reviews ; _vv. 20 _9178632 |
||
| 942 |
_2ddc _cBK |
||
| 999 |
_c52926 _d52926 |
||